[Event "AUTO-ADV-1523"]
[Site "http://www.queenalice.com/game.php?id=674895"]
[Date "2009.10.30"]
[Round "1"]
[White "erig1969"]
[Black "ValiNedelcu1984"]
[Result "1-0"]
[WhiteElo "1988"]
[BlackElo "1568"]

1. d4 d5 2. c4 Nf6 3. cxd5 Nxd5 4. Nc3 g6 5. e4 Nf6 6. e5 Nd5 7. Bc4 e6 8. Nxd5
exd5 9. Be2 Nc6 10. Nf3 Bg4 11. Bg5 Be7 12. Bxe7 Qxe7 13. a3 O-O-O 14. b4 a6 15.
O-O Rhe8 16. h3 Bf5 17. b5 Na5 18. bxa6 bxa6 19. Bxa6+ 1-0

[Event "AUTO-ADV-1523"]
[Site "http://www.queenalice.com/game.php?id=674896"]
[Date "2009.10.30"]
[Round "1"]
[White "ValiNedelcu1984"]
[Black "erig1969"]
[Result "0-1"]
[WhiteElo "1566"]
[BlackElo "1990"]

1. e4 c5 2. g3 Nc6 3. Bg2 c4 4. b3 cxb3 5. axb3 Nf6 6. Bb2 e5 7. Nc3 Bc5 8. Nf3
a5 9. O-O b6 10. d3 Ba6 11. Nd5 Bd6 12. Ra4 O-O 13. Nxf6+ Qxf6 14. Nd2 Bb5 15.
Ra1 Bc5 16. Qg4 Nd4 17. Rac1 a4 18. bxa4 Bxa4 0-1

[Event "AUTO-ADV-1523"]
[Site "http://www.queenalice.com/game.php?id=674907"]
[Date "2009.10.30"]
[Round "1"]
[White "leokhine"]
[Black "ValiNedelcu1984"]
[Result "1-0"]
[WhiteElo "1865"]
[BlackElo "1519"]

1. e4 e5 2. Nf3 Nc6 3. Bc4 b6 4. d3 Nf6 5. Ng5 d5 6. exd5 Nxd5 7. Qf3 Be6 8. O-O
h6 9. Nxe6 fxe6 10. Re1 Qf6 11. Qe4 Bd6 12. Bxd5 exd5 13. Qa4 1-0

[Event "AUTO-ADV-1523"]
[Site "http://www.queenalice.com/game.php?id=674908"]
[Date "2009.10.30"]
[Round "1"]
[White "ValiNedelcu1984"]
[Black "leokhine"]
[Result "0-1"]
[WhiteElo "1517"]
[BlackElo "1867"]

1. e4 e5 2. Nf3 Nc6 3. d3 d6 4. g3 Bg4 5. Bg2 Nf6 6. c4 Nd4 7. Nbd2 c5 8. O-O
Be7 9. h3 Nxf3+ 10. Nxf3 Bxf3 11. Qxf3 O-O 12. g4 h6 13. b3 a6 0-1

[Event "AUTO-ADV-1523"]
[Site "http://www.queenalice.com/game.php?id=674915"]
[Date "2009.10.30"]
[Round "1"]
[White "ValiNedelcu1984"]
[Black "DanizinhaBH"]
[Result "0-1"]
[WhiteElo "1590"]
[BlackElo "1759"]

1. e4 e5 2. g3 c5 3. Nf3 Nc6 4. Bg2 Nf6 5. Nc3 b5 6. d3 b4 7. Nd5 Nxd5 8. exd5
Ne7 9. Nxe5 d6 10. Nc6 Nxc6 11. dxc6 Be7 12. c7 Qxc7 13. Bxa8 O-O 14. Be4 Be6
15. b3 d5 16. Bf3 Qe5+ 17. Be3 Bf6 18. Rc1 d4 19. Qe2 dxe3 20. Qxe3 Qb2 21. O-O
Re8 22. Qxc5 Qa3 23. Qb5 Rd8 0-1

[Event "AUTO-ADV-1523"]
[Site "http://www.queenalice.com/game.php?id=674916"]
[Date "2009.10.30"]
[Round "1"]
[White "DanizinhaBH"]
[Black "ValiNedelcu1984"]
[Result "1-0"]
[WhiteElo "1731"]
[BlackElo "1667"]

1. e4 e5 2. Nf3 d6 3. Bc4 Nf6 4. O-O Nxe4 5. d3 Nf6 6. Bg5 Be6 7. Bxf6 Qxf6 8.
Bxe6 Qxe6 9. c4 d5 10. Re1 Nc6 11. Qa4 O-O-O 12. cxd5 Rxd5 13. Nc3 Rxd3 14. Nb5
a6 15. Nc3 Qg4 16. Qxg4+ 1-0

[Event "AUTO-INT-1498"]
[Site "http://www.queenalice.com/game.php?id=674944"]
[Date "2009.10.30"]
[Round "1"]
[White "Rogertodyy"]
[Black "ValiNedelcu1984"]
[Result "1-0"]
[WhiteElo "1681"]
[BlackElo "1564"]

1. e4 e5 2. Nf3 Nc6 3. Bc4 Nf6 4. Nc3 b6 5. d3 Bc5 6. Bg5 O-O 7. Qd2 h6 8. h4
hxg5 9. hxg5 Ng4 10. Nd5 Bxf2+ 11. Kd1 Ne7 12. Qe2 Bb7 13. Nxe5 Nxe5 14. Qxf2
N7g6 15. Qg3 Nxc4 16. dxc4 f6 17. gxf6 Rxf6 18. Nxf6+ Qxf6 19. c3 d6 20. Kc2
Bxe4+ 21. Kb3 a5 22. a4 Ne5 23. Qh3 1-0

[Event "AUTO-INT-1498"]
[Site "http://www.queenalice.com/game.php?id=674945"]
[Date "2009.10.30"]
[Round "1"]
[White "ValiNedelcu1984"]
[Black "Rogertodyy"]
[Result "0-1"]
[WhiteElo "1576"]
[BlackElo "1669"]

1. e4 e5 2. Nf3 Nc6 3. g3 Nf6 4. Nc3 Bc5 5. b3 Nd4 6. d3 Bb4 7. Bb2 d6 8. Bg2 c6
9. O-O Ng4 10. h3 h5 11. hxg4 hxg4 12. Nxd4 c5 13. Nf5 Bxf5 14. exf5 Qg5 15. f4
Qh5 16. Kf2 exf4 17. gxf4 O-O-O 18. Nb5 Rde8 19. Nxd6+ Kd7 20. Nxe8 Rxe8 21.
Bxg7 Qxf5 0-1

[Event "AUTO-INT-1498"]
[Site "http://www.queenalice.com/game.php?id=674960"]
[Date "2009.10.30"]
[Round "1"]
[White "chessfourme"]
[Black "ValiNedelcu1984"]
[Result "1-0"]
[WhiteElo "1765"]
[BlackElo "1562"]

1. Nf3 g6 2. d4 Bg7 3. e4 d6 4. Be3 b6 5. Bd3 Bb7 6. O-O Nf6 7. Nbd2 Nc6 8. c3
O-O 9. Qe2 e6 10. Bg5 Qd7 11. Bb5 a6 12. Ba4 h6 13. Bh4 1-0

[Event "AUTO-INT-1498"]
[Site "http://www.queenalice.com/game.php?id=674961"]
[Date "2009.10.30"]
[Round "1"]
[White "ValiNedelcu1984"]
[Black "chessfourme"]
[Result "0-1"]
[WhiteElo "1554"]
[BlackElo "1773"]

1. e4 c5 2. Nf3 a6 3. g3 d6 4. Bg2 Nc6 5. O-O Bg4 6. b3 Nf6 7. Bb2 e5 8. Nc3 Be7
9. Qe2 Nd4 10. Qd3 O-O 11. Rae1 Qd7 12. Ne2 b5 13. Nexd4 cxd4 14. h3 Bxh3 0-1

[Event "AUTO-INT-1498"]
[Site "http://www.queenalice.com/game.php?id=674970"]
[Date "2009.10.30"]
[Round "1"]
[White "MarTraM"]
[Black "ValiNedelcu1984"]
[Result "1-0"]
[WhiteElo "1817"]
[BlackElo "1574"]

1. d4 d5 2. c4 c6 3. Nc3 Nf6 4. Bg5 dxc4 5. a4 g6 6. Bxf6 exf6 7. e3 Bb4 8. Bxc4
O-O 9. Nf3 b6 10. O-O f5 11. Qb3 Bxc3 12. bxc3 Ba6 13. Ne5 Qg5 14. Nxf7 Bxc4 15.
Nxg5 Bxb3 16. a5 b5 17. Rfe1 Nd7 18. e4 Bc2 19. e5 c5 20. e6 Nf6 21. Re5 cxd4
22. cxd4 Bb3 23. Rxb5 Rab8 24. Rxb8 Rxb8 25. Rb1 1-0

[Event "AUTO-INT-1498"]
[Site "http://www.queenalice.com/game.php?id=674971"]
[Date "2009.10.30"]
[Round "1"]
[White "ValiNedelcu1984"]
[Black "MarTraM"]
[Result "0-1"]
[WhiteElo "1581"]
[BlackElo "1810"]

1. e4 e5 2. Nf3 Nc6 3. g3 Nf6 4. Bg2 Bc5 5. Nc3 O-O 6. O-O d6 7. b3 Bg4 8. Bb2
Nd4 9. d3 a6 10. Rb1 h6 11. h3 Bh5 12. g4 Bg6 13. Nxd4 Bxd4 14. Ne2 Bxb2 15.
Rxb2 c6 16. Qd2 d5 17. exd5 cxd5 18. Re1 Re8 19. Rbb1 Rc8 20. Rbc1 e4 21. Nf4
Bh7 22. Qb4 exd3 23. Nxd3 Bxd3 24. cxd3 Rxe1+ 25. Rxe1 b5 0-1

[Event "Challenge"]
[Site "http://www.queenalice.com/game.php?id=683496"]
[Date "2009.11.14"]
[Round "-"]
[White "ValiNedelcu1984"]
[Black "xerxe"]
[Result "0-1"]
[WhiteElo "1505"]
[BlackElo "1850"]

1. e4 e5 2. Nf3 Nc6 3. b3 Bc5 4. Bb2 d6 5. g3 f5 6. exf5 Bxf5 7. Bg2 Nf6 8. O-O
O-O 9. h3 Qd7 10. Kh2 Rae8 11. d3 d5 12. Nbd2 e4 13. dxe4 Nxe4 14. Nxe4 Bxe4 15.
Bd4 Bxd4 16. Nxd4 Nxd4 17. Qxd4 c5 18. Qxc5 Rc8 19. Qxa7 Bxg2 20. Kxg2 Rxc2 21.
a4 d4 22. Rac1 Qd5+ 23. Kg1 Rxc1 0-1

[Event "AUTO-ADV-1544"]
[Site "http://www.queenalice.com/game.php?id=685203"]
[Date "2009.11.18"]
[Round "1"]
[White "ValiNedelcu1984"]
[Black "zemorais"]
[Result "0-1"]
[WhiteElo "1674"]
[BlackElo "1769"]

1. e4 d6 2. g3 e5 3. Bg2 Nc6 4. Nf3 Bg4 5. Nc3 Nd4 6. Nd5 c6 7. Ne3 Bxf3 8. Bxf3
Nf6 9. d3 Nxf3+ 10. Qxf3 Be7 11. b3 O-O 0-1